| 000 | 00350nam a2200133Ia 4500 | ||
|---|---|---|---|
| 005 | 20260326235453.0 | ||
| 008 | 260326s9999||||xx |||||||||||||| ||und|| | ||
| 100 | _aGermen, Aydin | ||
| 245 | 0 |
_aIslamic Architecture and Urbanism / _cAydin Germen |
|
| 260 | _bKing Faisal University | ||
| 300 | _a397 p. | ||
| 650 | _aARQUITECTURA REGIONAL | ||
| 942 | _cBK | ||
| 999 |
_c7855 _d7855 |
||